LA ECOLOGÍA POLÍTICA EN LA CULTURA DEL AGUA DE QUERÉTARO (Registro nro. 68609)

Detalles MARC
000 -CABECERA
campo de control de longitud fija 01310nam a22002297a 4500
003 - IDENTIFICADOR DEL NÚMERO DE CONTROL
campo de control BPGM
008 - DATOS DE LONGITUD FIJA--INFORMACIÓN GENERAL
campo de control de longitud fija 260616s mx ba||gr||||s001 | spa d
020 ## - NÚMERO INTERNACIONAL ESTÁNDAR DEL LIBRO
Número Internacional Estándar del Libro 968-845-290-4
040 ## - FUENTE DE LA CATALOGACIÓN
Lengua de catalogación spa
041 ## - CÓDIGO DE LENGUA
Código de lengua del texto/banda sonora o título independiente SPA
Código de lengua original SPA
082 04 - NÚMERO DE LA CLASIFICACIÓN DECIMAL DEWEY
Número de edición PRIMERA EDICIÓN, DICIEMBRE 2005
Número de clasificación CQ / 304.2 / Q48
Número de documento/Ítem Q48
100 ## - ENTRADA PRINCIPAL--NOMBRE DE PERSONA
Nombre de persona SERGIO QUESADA ALDANA
Títulos y otros términos asociados al nombre AUTOR
245 ## - MENCIÓN DE TÍTULO
Título LA ECOLOGÍA POLÍTICA EN LA CULTURA DEL AGUA DE QUERÉTARO
260 ## - PUBLICACIÓN, DISTRIBUCIÓN, ETC.
Lugar de publicación, distribución, etc. QUERÉTARO, MÉXICO
Nombre del editor, distribuidor, etc. UNIVERSIDAD AUTÓNOMA DE QUERÉTARO
Fecha de publicación, distribución, etc. 2005
300 ## - DESCRIPCIÓN FÍSICA
Extensión 187 PÁGINAS;
Dimensiones 20.8 CM X 14 CM
336 ## - TIPO DE CONTENIDO
Fuente rdacontent
Término de tipo de contenido texto
Código de tipo de contenido txt
337 ## - TIPO DE MEDIO
Fuente rdamedia
Nombre/término del tipo de medio sin mediación
Código del tipo de medio n
338 ## - TIPO DE SOPORTE
Fuente rdacarrier
Nombre/término del tipo de soporte volumen
Código del tipo de soporte nc
505 ## - NOTA DE CONTENIDO CON FORMATO
Nota de contenido con formato EL TEMA DEL AGUA SE HA CONVERTIDO EN NUESTRO TIEMPO EN UNO DE LOS REFERENTES PRIORITARIOS PARA LA INVESTIGACIÓN. EN EL CASO DE MÉXICO ES UN RECURSO NO RENOVABLE Y ESCASO EN LA MAYOR PARTE DE SU TERRITORIO, LO CUAL SE ACENTÚA AÚN MÁS PARA QUERÉTARO Y SOBRETODO PARA SU CAPITAL, DONDE TRADICIONALMENTE SE HA SUFRIDO POR SU CARENCIA, OBLIGANDO A LA RESPUESTA ESTOICA Y AL TALENTO DE SUS POBLADORES EN LO CONCERNIENTE A SU ACCESO, EXTRACCIÓN, CUIDADO Y DISTRIBUCIÓN, GENERANDO UNA CULTURA DEL AGUA, OBSERVABLE A TRAVÉS DE LOS AÑOS Y DE LAS ETAPAS DE EVOLUCIÓN HISTÓRICA DE QUERÉTARO.
650 ## - PUNTO DE ACCESO ADICIONAL DE MATERIA--TÉRMINO DE MATERIA
Subdivisión de forma 304
Subdivisión general 300
Subdivisión cronológica 00
Subdivisión geográfica 4
942 ## - ELEMENTOS DE PUNTO DE ACCESO ADICIONAL (KOHA)
Fuente del sistema de clasificación o colocación Dewey Decimal Classification
Tipo de ítem Koha Colección Querétaro
Existencias
Estado de retiro Estado de pérdida Fuente del sistema de clasificación o colocación Estado dañado No para préstamo Código de colección Localización permanente Ubicación/localización actual Ubicación en estantería Fecha de adquisición Fuente de adquisición Total de préstamos Signatura topográfica completa Fecha visto por última vez Número de copia Precio válido a partir de Tipo de ítem Koha
    Dewey Decimal Classification   Préstamo en Sala Colección General BFC BIBLIOTECA PÚBLICA CENTRAL ESTATAL “FRANCISCO CERVANTES” BIBLIOTECA PÚBLICA CENTRAL ESTATAL “FRANCISCO CERVANTES” ACCESO "A" PLANTA ALTA 06/16/2026 DONACION   CQ / 304.2 / Q48 06/16/2026 EJ. 1 06/16/2026 Colección Querétaro
    Dewey Decimal Classification     Colección General BFC BIBLIOTECA PÚBLICA CENTRAL ESTATAL “FRANCISCO CERVANTES” BIBLIOTECA PÚBLICA CENTRAL ESTATAL “FRANCISCO CERVANTES” ACCESO "A" PLANTA ALTA 06/16/2026 DONACION   CQ / 304.2 / Q48 06/16/2026 EJ. 2 06/16/2026 Colección Querétaro
    Dewey Decimal Classification     Colección General BFC BIBLIOTECA PÚBLICA CENTRAL ESTATAL “FRANCISCO CERVANTES” BIBLIOTECA PÚBLICA CENTRAL ESTATAL “FRANCISCO CERVANTES” ACCESO "A" PLANTA ALTA 06/16/2026 DONACION   CQ / 304.2 / Q48 06/16/2026 EJ. 3 06/16/2026 Colección Querétaro